| 000 | 01426cam a22003257a 4500 | ||
|---|---|---|---|
| 999 |
_c331761 _d331761 |
||
| 001 | 15602817 | ||
| 003 | NUST | ||
| 005 | 20171024124601.0 | ||
| 008 | 090129s2008 pk b 000 0 urdo | ||
| 010 | _a 2009355141 | ||
| 020 | _a9789694164199 | ||
| 020 | _a9789694164229 | ||
| 025 | _aP-U- 2009355141; 03 | ||
| 040 |
_aDLC _cDLC |
||
| 041 | 0 |
_aurd _aeng _aara _aper |
|
| 042 | _alcode | ||
| 050 | 0 | 0 | _aMLCSA 2010/02087 (B) |
| 082 |
_a297.04 _bAWA |
||
| 100 | 1 |
_aAʻvān, Muḥammad Āṣif, _d1963- _95593 |
|
| 245 | 1 | 0 |
_aIqbāl kā pahlā k̲h̲ut̤bah ʻilm aur maz̲habī tajribah : _btaḥqīqī va tauz̤īḥī mut̤ālaʻah / _cMuḥammad Āṣif Aʻvān. |
| 246 | 1 |
_iTitle on p. [4] of cover: _aKnowledge and religious experience |
|
| 260 |
_aLāhore : _bIqbāl Akādamī Pākistān, _c2008. |
||
| 300 |
_a3, 222 p. ; _c22 cm. |
||
| 504 | _aIncludes bibliographical references (p. 199-201). | ||
| 520 | _aAnalytical study of the 1st speech of Sir Muhammad Iqbal, 1877-1938 on knowledge and religious experience. | ||
| 546 | _aUrdu; some in English, Arabic and Persian. | ||
| 600 | 1 | 0 |
_aIqbal, Muhammad, _cSir, _d1877-1938 _xReligion. _95 |
| 710 | 2 |
_aIqbal Academy (Lahore, Pakistan) _98 |
|
| 880 |
_6100-01\(3\r _aمحمد آصف اعوان |
||
| 880 |
_6245-02\(3\r _aاقبال کا پہلا خطبہ علم اور مزہبی تجربہ: _bتحقیقی و توضیحی مطالعہ _cمحمد آصف اعوان |
||
| 880 |
_6260-03\(3\r _aلاہور: _bاقبال اکیڈیمی پاکستان، _c2008 |
||
| 906 |
_a7 _bcbc _corigode _d4 _encip _f20 _gy-gencatlg |
||
| 942 |
_2ddc _cBK |
||